El pequeno zorrillo que temia su propio tufillo = (Record no. 21102)

MARC details
000 -LEADER
fixed length control field 01061nam a2200325Ia 4500
001 - CONTROL NUMBER
control field 851561925
003 - CONTROL NUMBER IDENTIFIER
control field OCoLC
005 - DATE AND TIME OF LATEST TRANSACTION
control field 20180727214630.0
008 - FIXED-LENGTH DATA ELEMENTS--GENERAL INFORMATION
fixed length control field 130703s2012 coua 000 0 spa d
020 ## - INTERNATIONAL STANDARD BOOK NUMBER
International Standard Book Number 9780977039180 (hard)
020 ## - INTERNATIONAL STANDARD BOOK NUMBER
International Standard Book Number 0977039188 (hard)
035 ## - SYSTEM CONTROL NUMBER
System control number (OCoLC)851561925
040 ## - CATALOGING SOURCE
Original cataloging agency SX@
Transcribing agency SX@
041 ## - LANGUAGE CODE
Language code of text/sound track or separate title spa
049 ## - LOCAL HOLDINGS (OCLC)
Holding library SX@A
099 ## - LOCAL FREE-TEXT CALL NUMBER (OCLC)
Classification number Kelley, B.
100 1# - MAIN ENTRY--PERSONAL NAME
Personal name Kelley, Brielle.
245 13 - TITLE STATEMENT
Title El pequeno zorrillo que temia su propio tufillo =
Remainder of title The little skunk who was afraid to stink /
Statement of responsibility, etc. Brielle Kelley ; pictures by Mark Wayne Adams.
246 10 - VARYING FORM OF TITLE
Title proper/short title El pequeno zorrillo que temia su propio tufillo.
246 10 - VARYING FORM OF TITLE
Title proper/short title Little skunk who was afraid to stink
250 ## - EDITION STATEMENT
Edition statement 2nd ed.
260 ## - PUBLICATION, DISTRIBUTION, ETC. (IMPRINT)
Place of publication, distribution, etc. Ft Collins, CO :
Name of publisher, distributor, etc. Growing Field Books
Date of publication, distribution, etc. 2012.
300 ## - PHYSICAL DESCRIPTION
Extent 29 p.
Other physical details col. ill. ;
Dimensions 28cm.
650 #0 - SUBJECT ADDED ENTRY--TOPICAL TERM
Topical term or geographic name as entry element Skunks
Form subdivision Juvenile fiction.
650 #0 - SUBJECT ADDED ENTRY--TOPICAL TERM
Topical term or geographic name as entry element Spanish language materials.
650 #7 - SUBJECT ADDED ENTRY--TOPICAL TERM
Topical term or geographic name as entry element Materiales en espanol.
Source of heading or term bidex.
655 #7 - INDEX TERM--GENRE/FORM
Genre/form data or focus term Zorrillos
Form subdivision Novela juvenil.
Source of term bidex.
700 1# - ADDED ENTRY--PERSONAL NAME
Personal name Adams, Mark Wayne,
Dates associated with a name 1971-
Relator term ill.
942 ## - ADDED ENTRY ELEMENTS (KOHA)
Koha item type Libro/Book

No items available.

Powered by Koha